000 01244cam a2200349 a 4500
001 1772
003 FISKH
005 20230929080829.0
008 110908s2012 nyua j b 001 0 eng
010 _a 2011037089
020 _a9780531208663 (lib. bdg.)
020 _a0531208664 (lib. bdg.)
020 _a9780531209356 (pbk.)
020 _a0531209350 (pbk.)
040 _aDLC
_cDLC
_dDLC
_beng
042 _apcc
050 0 0 _aGV885.1
_b.S76 2012
082 0 0 _a796.323
_223
100 1 _aStone, Danton.
245 1 0 _aBasketball /
_cby Danton Stone ; content consultant, Thomas Sawyer ; reading consultant, Jeanne Clidas.
260 _aNew York :
_bScholastic,
_c2012.
300 _a32 pages :
_bcolor illustrations ;
_c19 cm.
490 0 _aRookie read about sports
505 _aG
520 _aTeaches readers the basic rules of basketball and features tips on being a good basketball player.
521 8 _a400
_bLexile
521 8 _aG
_bRaz-Plus
650 0 _aBasketball
_vJuvenile literature.
906 _a7
_bcbc
_corignew
_d1
_eecip
_f20
_gy-gencatlg
942 _2ddc
_cBK
_n0
999 _c1772
_d1772